О действии металлического магния на кристаллизационную воду кристаллогидратов. Активирование металлического магния солями; Известия Томского Технологического Института [Известия ТТИ]; Т. 31, № 3
| Parent link: | Известия Томского Технологического Института [Известия ТТИ]/ Томский технологический институт (ТТИ).— , 1903-1925 Т. 31, № 3.— 1913 |
|---|---|
| Autor principal: | |
| Altres autors: | |
| Sumari: | Заглавие с титульного листа Электронная версия печатной публикации |
| Idioma: | rus |
| Publicat: |
1913
|
| Matèries: | |
| Accés en línia: | Черно-белая версия для предварительного просмотра Цветная версия без потери качества |
| Format: | MixedMaterials Electrònic Capítol de llibre |
| KOHA link: | https://koha.lib.tpu.ru/cgi-bin/koha/opac-detail.pl?biblionumber=179654 |
MARC
| LEADER | 00000nla2a2200000 4500 | ||
|---|---|---|---|
| 001 | 179654 | ||
| 005 | 20231031170458.0 | ||
| 035 | |a (RuTPU)RU\TPU\book\194751 | ||
| 035 | |a RU\TPU\book\194749 | ||
| 090 | |a 179654 | ||
| 100 | |a 20100426d1913 k y0rusy50 ca | ||
| 101 | 0 | |a rus | |
| 102 | |a RU | ||
| 135 | |a drnn ---uucaa | ||
| 181 | 0 | |a i | |
| 182 | 0 | |a b | |
| 200 | 1 | |a О действии металлического магния на кристаллизационную воду кристаллогидратов. Активирование металлического магния солями |b Электронный ресурс |f Я. И. Михайленко, П. Г. Мушинский | |
| 203 | |a Текст |c электронный | ||
| 215 | |a 2 файла (2.2 Мб, 54.2 Мб) | ||
| 230 | |a Электронные текстовые данные (2 файла : 2.2 Мб, 54.2 Мб) | ||
| 300 | |a Заглавие с титульного листа | ||
| 300 | |a Электронная версия печатной публикации | ||
| 337 | |a Adobe Reader | ||
| 461 | 1 | |0 (RuTPU)RU\TPU\book\165999 |t Известия Томского Технологического Института [Известия ТТИ] |f Томский технологический институт (ТТИ) |d 1903-1925 | |
| 463 | 1 | |0 (RuTPU)RU\TPU\book\194745 |t Т. 31, № 3 |d 1913 |p 228 с. | |
| 610 | 1 | |a электронный ресурс | |
| 610 | 1 | |a труды учёных ТПУ | |
| 700 | 1 | |a Михайленко |b Я. И. |c российский химик |c профессор Томского технологического института (1902-1923), ректор (1921-1922) |f 1864-1943 |g Яков Иванович |2 stltpush |3 (RuTPU)RU\TPU\pers\19083 | |
| 701 | 1 | |a Мушинский |b П. Г. | |
| 801 | 1 | |a RU |b 63413507 |c 20090320 |g PSBO | |
| 801 | 2 | |a RU |b 63413507 |c 20200325 |g PSBO | |
| 856 | 4 | |u http://www.lib.tpu.ru/fulltext/v/Bulletin_TPU/1913/v31/a2_bw.pdf |z Черно-белая версия для предварительного просмотра | |
| 856 | 4 | |u http://www.lib.tpu.ru/fulltext/v/Bulletin_TPU/1913/v31/a2_full.pdf |z Цветная версия без потери качества | |
| 942 | |c CF | ||